000 00497nam a2200181Ia 4500
008 230711s9999||||xx |||||||||||||| ||und||
020 _a978-93-5129-597-6
041 _aENG
082 _a615.1
_bGO-P
100 _aGolany,Gideon S
245 0 _aPrinciples of Pharmacology : The Pathophysiologic Basis of Drug Theraphy
250 _a4th Ed.
260 _c2018
_aNew Delhi
_bWolters Kluwer(India) Pvt.Ltd
300 _a1020p.
650 _aPharmacy
700 _aArmstrong,Ehrin J
942 _cBK
999 _c7237
_d7237